000 00310nam a2200133Ia 4500
008 150731s1999 xx 000 0 und d
082 _a615.32
_bC 99 V
100 _aVARIER,P.S.
245 _aCHIKITSA SAMGRAHAM
250 _a1 ST
260 _bARYA VAIDYA SALA KERLA
_c1999
300 _a234
942 _2ddc
_cBK
999 _c7987
_d7987